[Event "HUN-chT2 Breyer 0910"]
[Site "Hungary"]
[Date "2009.12.20"]
[Round "4"]
[White "Banyai, Sandor"]
[Black "Labancz, Janos"]
[Result "1/2-1/2"]
[WhiteElo "2072"]
[BlackElo "1685"]
[PlyCount "70"]
[EventDate "2009.11.08"]
[EventType "team-tourn"]
[EventRounds "11"]
[EventCountry "HUN"]
[SourceTitle "EXT 2011"]
[Source "ChessBase"]
[SourceDate "2010.11.26"]
[SourceVersion "1"]
[SourceVersionDate "2010.11.26"]
[SourceQuality "1"]
[WhiteTeam "Kisber Aszar"]
[BlackTeam "Biatorbagy"]
[WhiteTeamCountry "HUN"]
[BlackTeamCountry "HUN"]

1. d4 d5 2. c4 e6 3. Nc3 Nf6 4. Bg5 Be7 5. e3 0-0 6. Qc2 b6 7. cxd5 exd5 8. Bd3 g6 9. Nf3 c6 10. Ne5 Kg7 11. 0-0 Bb7 12. f4 Nfd7 13. Bxe7 Qxe7 14. Rae1 Nxe5 15. fxe5 Nd7 16. e4 Qb4 17. Qf2 Rae8 18. exd5 cxd5 19. Nb5 Ba6 20. Nc7 Bxd3 21. Nxe8+ Kg8 22. a3 Qe7 23. Nf6+ Nxf6 24. exf6 Qd6 25. Qe3 Bxf1 26. Rxf1 Kh8 27. Qh6 Rg8 28. Rf3 Qf8 29. Qg5 Qd6 30. Qh6 Qf8 31. Qe3 Qe8 32. Qd2 Qe6 33. Qe3 Re8 34. Qxe6 Rxe6 35. Kf2 Re4 1/2-1/2

[Event "HUN-chT2 Breyer 0809"]
[Site "Hungary"]
[Date "2009.04.19"]
[Round "11"]
[White "Novak, Attila Robert"]
[Black "Banyai, Sandor"]
[Result "1-0"]
[WhiteElo "1968"]
[BlackElo "2071"]
[PlyCount "111"]
[EventDate "2008.10.26"]
[EventType "team-tourn"]
[EventRounds "11"]
[EventCountry "HUN"]
[SourceTitle "EXT 2010"]
[Source "ChessBase"]
[SourceDate "2010.11.25"]
[SourceVersion "1"]
[SourceVersionDate "2010.11.25"]
[SourceQuality "1"]
[WhiteTeam "Balatonfuered"]
[BlackTeam "Kisber Aszar"]
[WhiteTeamCountry "HUN"]
[BlackTeamCountry "HUN"]

1. d4 Nf6 2. c4 g6 3. Nc3 d6 4. e4 Bg7 5. Be3 0-0 6. f3 a6 7. Bd3 Nc6 8. Nge2 Rb8 9. Qd2 e5 10. a3 Re8 11. d5 Nd4 12. Nxd4 exd4 13. Bxd4 Nxe4 14. Bxe4 f5 15. Bxg7 Kxg7 16. Qd4+ Qf6 17. Qxf6+ Kxf6 18. 0-0-0 fxe4 19. Nxe4+ Kg7 20. Rhe1 Bf5 21. Ng3 Kf6 22. Rxe8 Rxe8 23. Kd2 b6 24. Ne2 g5 25. Nd4 Bd7 26. Re1 Rxe1 27. Kxe1 Ke5 28. Ne2 c5 29. dxc6 Bxc6 30. Kf2 d5 31. cxd5 Bxd5 32. Ke3 Bc6 33. g3 Bd7 34. Nc3 h6 35. Ne4 Be6 36. Nf2 a5 37. Nd3+ Kd5 38. f4 Kc4 39. Ke4 gxf4 40. gxf4 b5 41. Nc1 b4 42. axb4 Kxb4 43. Ke5 Bc4 44. f5 Kc5 45. f6 Bf7 46. h4 a4 47. Ne2 Kc4 48. Nc3 a3 49. bxa3 Kxc3 50. Kd6 Kb3 51. Ke7 Bh5 52. f7 Bxf7 53. Kxf7 Kxa3 54. Kg6 Kb4 55. Kxh6 Kc5 56. Kg7 1-0

[Event "HUN-chT2 Breyer 0809"]
[Site "Hungary"]
[Date "2009.03.08"]
[Round "9"]
[White "Banyai, Sandor"]
[Black "Somogyi, Gabor"]
[Result "1/2-1/2"]
[WhiteElo "2071"]
[BlackElo "1925"]
[PlyCount "135"]
[EventDate "2008.10.26"]
[EventType "team-tourn"]
[EventRounds "11"]
[EventCountry "HUN"]
[SourceTitle "EXT 2010"]
[Source "ChessBase"]
[SourceDate "2010.11.25"]
[SourceVersion "1"]
[SourceVersionDate "2010.11.25"]
[SourceQuality "1"]
[WhiteTeam "Kisber Aszar"]
[BlackTeam "Dunaharaszti II"]
[WhiteTeamCountry "HUN"]
[BlackTeamCountry "HUN"]

1. d4 c5 2. d5 Nf6 3. c4 b5 4. cxb5 a6 5. Nc3 g6 6. e4 d6 7. Nf3 Nbd7 8. a4 Bg7 9. Bd3 0-0 10. Qe2 axb5 11. Bxb5 Ng4 12. 0-0 Bb7 13. h3 Nge5 14. Nxe5 Nxe5 15. f4 Nd7 16. Be3 Nf6 17. Rad1 Qc7 18. Qd3 Rad8 19. b3 Nd7 20. Bf2 Qa5 21. Be1 Qb6 22. Bf2 Qa5 23. Ne2 Nf6 24. Be1 Qa7 25. Kh2 Ra8 26. Bc3 Ba6 27. Bxa6 Qxa6 28. Qxa6 Rxa6 29. e5 Nd7 30. exd6 exd6 31. Bxg7 Kxg7 32. Nc3 Nf6 33. Rfe1 Rb6 34. Nb5 Re8 35. Rxe8 Nxe8 36. Kg3 Nf6 37. Kf3 Kf8 38. g4 Ke7 39. g5 Nd7 40. Ke3 Nb8 41. Kd3 Na6 42. Kc4 Nb4 43. Na7 Kd7 44. Re1 Ra6 45. Nb5 Ra8 46. h4 Rb8 47. Re2 Rf8 48. Nc3 f6 49. Re4 fxg5 50. fxg5 Nc2 51. Ne2 Rf3 52. Kb5 Rxb3+ 53. Ka5 Rb8 54. Rf4 Ke7 55. Rf6 Nb4 56. Nc3 Ra8+ 57. Kb5 Rb8+ 58. Kc4 Ra8 59. Re6+ Kd7 60. Nb5 Ra6 61. Rf6 Ke7 62. Nd4 Rxa4 63. Kb5 Ra1 64. Nc6+ Nxc6 65. Kxc6 Ra6+ 66. Kb5 Ra1 67. Kc6 Ra6+ 68. Kb5 1/2-1/2

[Event "HUN-chT2 Breyer 0708"]
[Site "Hungary"]
[Date "2007.11.11"]
[Round "2"]
[White "Kardon, Zoltan"]
[Black "Banyai, Sandor"]
[Result "1-0"]
[WhiteElo "2213"]
[BlackElo "2093"]
[PlyCount "105"]
[EventDate "2007.10.14"]
[EventType "team"]
[EventRounds "11"]
[EventCountry "HUN"]
[SourceTitle "EXT 2009"]
[Source "ChessBase"]
[SourceDate "2008.11.26"]
[SourceVersion "1"]
[SourceVersionDate "2008.11.26"]
[SourceQuality "1"]
[WhiteTeam "Hobagoly"]
[BlackTeam "Kisber Aszar"]
[WhiteTeamCountry "HUN"]
[BlackTeamCountry "HUN"]

1. d4 Nf6 2. Nf3 d6 3. c4 g6 4. Nc3 Bg7 5. g3 0-0 6. Bg2 c5 7. d5 e5 8. dxe6 Bxe6 9. Ng5 Nc6 10. Nxe6 fxe6 11. 0-0 a6 12. Bf4 e5 13. Bg5 Qc7 14. Qd2 Nd4 15. Rad1 Rab8 16. e3 Nf5 17. Nd5 Nxd5 18. Qxd5+ Kh8 19. g4 h6 20. gxf5 hxg5 21. fxg6 Rf6 22. Qe4 Bh6 23. Bf3 Kg7 24. Bh5 Qc6 25. Rd5 Rd8 26. Rfd1 Qe8 27. Kg2 Qe6 28. Rxe5 Qxe5 29. Qxe5 dxe5 30. Rxd8 b6 31. Rd7+ Kg8 32. h3 Bf8 33. Kf1 b5 34. Be2 b4 35. Bd3 Rd6 36. Rxd6 Bxd6 37. Ke2 Kg7 38. Kf3 Kf6 39. Ke4 Bf8 40. Kd5 a5 41. b3 Be7 42. Be4 Bf8 43. Kc6 Ke6 44. Kb6 Kd6 45. Kxa5 Bg7 46. Kb6 Bf6 47. Kb7 Kd7 48. Bf5+ Kd6 49. Kc8 Kc6 50. Be4+ Kd6 51. Bd5 Ke7 52. Kc7 Kf8 53. Kd6 1-0

[Event "HUN-chT2 Breyer 0607"]
[Site "Hungary"]
[Date "2007.03.25"]
[Round "7"]
[White "Banyai, Sandor"]
[Black "Bodnar, Zoltan"]
[Result "1/2-1/2"]
[WhiteElo "2004"]
[BlackElo "2152"]
[PlyCount "38"]
[EventDate "2006.11.12"]
[EventType "team"]
[EventRounds "11"]
[EventCountry "HUN"]
[SourceTitle "EXT 2008"]
[Source "ChessBase"]
[SourceDate "2007.11.25"]
[SourceVersion "1"]
[SourceVersionDate "2007.11.25"]
[SourceQuality "1"]
[WhiteTeam "Kisber Aszar"]
[BlackTeam "Balatonfuered"]
[WhiteTeamCountry "HUN"]
[BlackTeamCountry "HUN"]

1. d4 d5 2. c4 c6 3. Nf3 Nf6 4. Nc3 dxc4 5. a4 Bg4 6. Ne5 Bh5 7. Nxc4 e6 8. g3 Bb4 9. Bg2 0-0 10. 0-0 Nd5 11. Qc2 Qf6 12. Ne5 Qe7 13. e4 Nc7 14. Nd3 Rd8 15. Nxb4 Qxb4 16. Bf4 Nba6 17. Be3 Qe7 18. Qb3 Nb4 19. Na2 Nca6 1/2-1/2

[Event "HUN-chT2 Breyer 0607"]
[Site "Hungary"]
[Date "2006.11.12"]
[Round "1"]
[White "Banyai, Sandor"]
[Black "Pesztericz, Laszlo"]
[Result "1/2-1/2"]
[WhiteElo "2004"]
[BlackElo "2168"]
[PlyCount "111"]
[EventDate "2006.11.12"]
[EventType "team"]
[EventRounds "11"]
[EventCountry "HUN"]
[SourceTitle "EXT 2008"]
[Source "ChessBase"]
[SourceDate "2007.11.25"]
[SourceVersion "1"]
[SourceVersionDate "2007.11.25"]
[SourceQuality "1"]
[WhiteTeam "Kisber Aszar"]
[BlackTeam "Honved II"]
[WhiteTeamCountry "HUN"]
[BlackTeamCountry "HUN"]

1. d4 Nf6 2. c4 g6 3. Nc3 Bg7 4. e4 d6 5. f3 0-0 6. Be3 e5 7. d5 c6 8. Qd2 cxd5 9. cxd5 a6 10. Bd3 Nbd7 11. Nge2 b5 12. 0-0 Nb6 13. b3 Nfd7 14. Ng3 Nc5 15. Bc2 Bd7 16. Rac1 b4 17. Nd1 a5 18. Nb2 Bb5 19. Rfd1 f5 20. exf5 e4 21. Bxe4 Nxe4 22. fxe4 Nd7 23. Bd4 Ne5 24. Nc4 Qe7 25. Nxe5 Bxe5 26. Bxe5 Qxe5 27. Qd4 Qxd4+ 28. Rxd4 Rac8 29. Rdd1 Kg7 30. Kf2 Kf6 31. Ke3 Ke5 32. h4 gxf5 33. Nxf5 Rg8 34. Kf3 Bd7 35. g4 h5 36. g5 Bxf5 37. exf5 Kxf5 38. Rc6 Ke5 39. Rdc1 Rcf8+ 40. Kg3 Rf5 41. Ra6 Rgf8 42. Re1+ Kd4 43. Rxd6 Rf4 44. Rd1+ Kc5 45. Rc6+ Kb5 46. Rf6 Rg4+ 47. Kf3 Rc8 48. Rf4 Rc3+ 49. Ke4 Rg2 50. Kf5 Rxa2 51. d6 Rc8 52. Ke6 Re2+ 53. Kd7 Ree8 54. Rc4 Rcd8+ 55. Kc7 Rc8+ 56. Kd7 1/2-1/2

[Event "HUN-chT2 Breyer 0506"]
[Site "Hungary"]
[Date "2006.03.19"]
[Round "9"]
[White "Csillik, David"]
[Black "Banyai, Sandor"]
[Result "0-1"]
[WhiteElo "1995"]
[BlackElo "1974"]
[PlyCount "86"]
[EventDate "2005.10.16"]
[EventType "team"]
[EventRounds "11"]
[EventCountry "HUN"]
[SourceTitle "EXT 2009"]
[Source "ChessBase"]
[SourceDate "2008.11.26"]
[SourceVersion "1"]
[SourceVersionDate "2008.11.26"]
[SourceQuality "1"]
[WhiteTeam "Husi II"]
[BlackTeam "Geniusz Tata"]
[WhiteTeamCountry "HUN"]
[BlackTeamCountry "HUN"]

1. d4 Nf6 2. c4 g6 3. Nf3 Bg7 4. Nc3 d6 5. e4 0-0 6. Be2 Nc6 7. 0-0 e5 8. d5 Ne7 9. Bg5 Nd7 10. h3 h6 11. Bxe7 Qxe7 12. Nd2 f5 13. f4 exf4 14. Rxf4 Qg5 15. Rf3 Bd4+ 16. Kh1 Ne5 17. Rf1 Bd7 18. Nf3 Nxf3 19. Bxf3 Be5 20. Ne2 b6 21. Rb1 Kg7 22. Qc2 Qh4 23. b3 fxe4 24. Qxe4 Qxe4 25. Bxe4 Rae8 26. Bd3 g5 27. Kg1 Rxf1+ 28. Rxf1 Rf8 29. Rxf8 Kxf8 30. Kf2 Kg7 31. Ng3 Bxg3+ 32. Kxg3 Kf6 33. Kf3 Ke5 34. Ke3 h5 35. b4 h4 36. b5 Bc8 37. a4 a5 38. Bg6 Bd7 39. Bd3 Be8 40. Bb1 Bh5 41. Bc2 g4 42. Bd1 gxh3 43. Bxh5 h2 0-1

[Event "HUN-chT2 Charousek 0405"]
[Site "Hungary"]
[Date "2004.12.19"]
[Round "5"]
[White "Banyai, Sandor"]
[Black "Manyai, Zsolt"]
[Result "1-0"]
[WhiteElo "2016"]
[BlackElo "2153"]
[PlyCount "53"]
[EventDate "2004.09.26"]
[EventType "team"]
[EventRounds "11"]
[EventCountry "HUN"]
[SourceTitle "EXT 2008"]
[Source "ChessBase"]
[SourceDate "2007.11.25"]
[SourceVersion "1"]
[SourceVersionDate "2007.11.25"]
[SourceQuality "1"]
[WhiteTeam "Geniusz Tata"]
[BlackTeam "Lenti"]
[WhiteTeamCountry "HUN"]
[BlackTeamCountry "HUN"]

1. d4 Nf6 2. c4 g6 3. Nc3 d5 4. Nf3 Bg7 5. Qb3 dxc4 6. Qxc4 0-0 7. e4 a6 8. e5 b5 9. Qb3 Nfd7 10. e6 fxe6 11. Qxe6+ Kh8 12. Ng5 Nf6 13. Nf7+ Rxf7 14. Qxf7 Nc6 15. Be3 Nxd4 16. Bxd4 Qxd4 17. Rd1 Qe5+ 18. Be2 Bb7 19. 0-0 b4 20. Rfe1 Rf8 21. Qb3 Qg5 22. Bf1 Ng4 23. Ne4 Qh4 24. Qg3 Qh5 25. h3 Ne5 26. Qg5 Bxe4 27. Qxh5 1-0

[Event "HUN-chT2 Charousek 0304"]
[Site "Hungary"]
[Date "2003.11.16"]
[Round "3"]
[White "Banyai, Sandor"]
[Black "Porubszky Angyalosine, Maria A"]
[Result "1/2-1/2"]
[WhiteElo "2045"]
[BlackElo "2143"]
[PlyCount "40"]
[EventDate "2003.09.28"]
[EventType "team"]
[EventRounds "11"]
[EventCountry "HUN"]
[SourceTitle "EXT 2005"]
[Source "ChessBase"]
[SourceDate "2004.11.15"]
[SourceVersion "1"]
[SourceVersionDate "2004.11.15"]
[SourceQuality "1"]

1. d4 d5 2. c4 c6 3. Nf3 Nf6 4. Nc3 e6 5. Bg5 Be7 6. e3 Nbd7 7. cxd5 exd5 8. Qc2 0-0 9. Bd3 Re8 10. 0-0 h6 11. Bh4 Ne4 12. Bxe7 Qxe7 13. Bxe4 dxe4 14. Nd2 Nf6 15. Nc4 Be6 16. Ne5 Bd5 17. a3 Rac8 18. b4 Qe6 19. Ne2 Nd7 20. Nf4 Qd6 1/2-1/2

[Event "HUN-chT2 Charousek 0304"]
[Site "Hungary"]
[Date "2003.09.28"]
[Round "1"]
[White "Demeny, Antal"]
[Black "Banyai, Sandor"]
[Result "1-0"]
[WhiteElo "2164"]
[BlackElo "2045"]
[PlyCount "73"]
[EventDate "2003.09.28"]
[EventType "team"]
[EventRounds "11"]
[EventCountry "HUN"]
[SourceTitle "EXT 2005"]
[Source "ChessBase"]
[SourceDate "2004.11.15"]
[SourceVersion "1"]
[SourceVersionDate "2004.11.15"]
[SourceQuality "1"]

1. d4 Nf6 2. c4 g6 3. g3 Bg7 4. Bg2 0-0 5. Nc3 d6 6. Nf3 c6 7. e4 Bg4 8. h3 Bxf3 9. Bxf3 e5 10. Be3 Nbd7 11. d5 Nb6 12. dxc6 bxc6 13. b3 d5 14. cxd5 cxd5 15. exd5 e4 16. Nxe4 Nxe4 17. Bxe4 Bxa1 18. Qxa1 Re8 19. Qd4 Qe7 20. Bf3 Rad8 21. 0-0 Qe5 22. Rd1 Qxd4 23. Rxd4 Rd7 24. Bf4 f6 25. h4 Re1+ 26. Kg2 Ra1 27. a4 Rb1 28. d6 Rxb3 29. a5 Rxf3 30. Kxf3 Na8 31. Ke4 Kf7 32. Kd5 Nc7+ 33. Kc6 Ne6 34. Kxd7 Nxd4 35. Kc8 Ne6 36. Be3 a6 37. d7 1-0

[Event "HUN-chT2 Charousek 0203"]
[Site "Hungary"]
[Date "2003.02.02"]
[Round "6.10"]
[White "Banyai, Sandor"]
[Black "Kozma, Edit"]
[Result "0-1"]
[WhiteElo "2118"]
[BlackElo "2105"]
[PlyCount "92"]
[EventDate "2002.09.22"]
[EventType "team"]
[EventRounds "11"]
[EventCountry "HUN"]
[SourceTitle "EXT 2004"]
[Source "ChessBase"]
[SourceDate "2003.11.25"]
[SourceVersion "1"]
[SourceVersionDate "2003.11.25"]
[SourceQuality "1"]
[WhiteTeam "Geniusz Tata"]
[BlackTeam "Matador"]
[WhiteTeamCountry "HUN"]
[BlackTeamCountry "HUN"]

1. d4 Nf6 2. c4 e6 3. Nc3 Bb4 4. Qc2 c5 5. a3 Bxc3+ 6. Qxc3 cxd4 7. Qxd4 Nc6 8. Qc3 0-0 9. Nf3 Ne4 10. Qc2 Qa5+ 11. Nd2 d5 12. e3 Bd7 13. Be2 Rac8 14. 0-0 f5 15. Nxe4 fxe4 16. Bd2 Qd8 17. Bc3 Qg5 18. Qd1 Ne5 19. Bxe5 Qxe5 20. Qd2 Rf6 21. Rac1 Rcf8 22. Bg4 Rg6 23. Bh3 Rf3 24. g3 Qh5 25. Bg2 Rh6 26. h3 Rf8 27. b4 e5 28. Qxd5+ Be6 29. Qxe4 Bxh3 30. Bxh3 Qxh3 31. Qg2 Qh5 32. c5 e4 33. b5 Rf3 34. c6 bxc6 35. Rxc6 Qxb5 36. Rfc1 Rxc6 37. Rxc6 Qxc6 38. Qf1 Rf8 39. Qd1 Rc8 40. Kg2 h6 41. Qb3+ Qc4 42. Qb7 Qc7 43. Qb3+ Qc4 44. Qb7 Rc7 45. Qb8+ Kh7 46. Qf8 Rf7 0-1